Tesoros humanos vivos
Furkejuvvon:
| Searvvušdahkki: | |
|---|---|
| Materiálatiipa: | Girji |
| Giella: | espánnjágiella |
| Almmustuhtton: |
Santiago
Consejo Nacional de la Cultura y las Artes
2012
|
| Preanttus: | 1a. ed |
| Ráidu: | Patrimonio Cultural Inmaterial
|
| Fáttát: | |
| Fáddágilkorat: |
Lasit fáddágilkoriid
Eai fáddágilkorat, Lasit vuosttaš fáddágilkora!
|
MARC
| LEADER | 00000cam a2200000 a 4500 | ||
|---|---|---|---|
| 001 | UCF0702 | ||
| 003 | CL-VaPUC | ||
| 008 | 120607e20120000CL |||||||||||||||||spa|d | ||
| 020 | |a 9789568327958 | ||
| 082 | 0 | 4 | |a 306.983 |b CON |2 21 |
| 110 | 2 | |a Consejo Nacional de la Cultura y las Artes |e author |9 562441 | |
| 245 | 1 | 0 | |a Tesoros humanos vivos |
| 250 | |a 1a. ed | ||
| 300 | |a 187 p | ||
| 942 | |c BK | ||
| 945 | |d 20120607 00:00:00 |a cmena | ||
| 260 | |a Santiago |b Consejo Nacional de la Cultura y las Artes |c 2012 | ||
| 650 | 0 | |a Patrimonio cultural |9 309364 | |
| 650 | 0 | |a Identidad cultural |9 319131 | |
| 583 | |a last modification |c 20130327 01:10:49 |k Rodrigo Vera | ||
| 490 | 0 | |a Patrimonio Cultural Inmaterial | |
| 999 | |c 347883 |d 347881 | ||
| 952 | |0 0 |1 0 |4 0 |6 306_983000000000000_CON_2012 |7 0 |8 X |9 449592 |a FDOMLP |b FDOMLP |d 2019-11-22 |i 4871812 |o 306.983 CON 2012 |p 4871812 |r 2019-11-22 |w 2019-11-22 |y BK_X |k BU2 | ||
| 952 | |0 0 |1 0 |3 erd |4 0 |6 306_983000000000000_CON_2012 |7 0 |8 F |9 449593 |a BIBEDU |b BIBEDU |d 2019-11-22 |i 5018900 |o 306.983 CON 2012 |p 5018900 |r 2023-01-12 |w 2019-11-22 |y BK_F |z Catalogado en:20131011 |k MUS | ||